000 00449nam a2200157 i 4500
001 22556
003 ES-MaACL
005 20230906152721.0
007 t|
008 021203s1971 sp ||||1| spa d
100 1 _aAlonso Ibarrola, José Manuel.
_920343
245 1 0 _aHistorias para burgueses /
_cJosé Manuel Alonso Ibarrola.
260 _a[Madrid] :
_bFundamentos,
_c[1971]
300 _a122 p. ;
_c19 cm.
852 _aES-MaACL
_jC-45838
_bR.77806
999 _c22556
_d22556